000 00450nam a2200181Ia 4500
001 2506
005 20260306144812.0
008 260306t2013||||xx |||||||||||||| ||spa||
041 _aESP
082 _a616.8914
_bC39
100 _aCayoun, Bruno A.
_eAUT
245 0 _aTcc con mindfulness integrados:
_bprincipios y prácticas
260 _c2013
300 _a460 páginas :
_c21 cm.
650 _aGEN
654 _aCPS
942 _cLIB
_dJUS
_fJUS
_2ddc
_n
999 _c2506
_d2506